Statistics for All Comic-Book Based Movies

Click here to take the quiz!

General Stats

  • This quiz has been taken 204 times
    (13 since last reset)
  • The average score is 108 of 228

Answer Stats

YearMovie% Correct
2018Aquaman
80%
2023Aquaman and the Lost Kingdom
80%
N/ABatgirl
80%
1989Batman
80%
1997Batman and Robin
80%
2005Batman Begins
80%
1995Batman Forever
80%
1993Batman: Mask of the Phantasm
80%
1992Batman Returns
80%
1966Batman: The Movie
80%
2016Batman V. Superman: Dawn of Justice
80%
2022Black Adam
80%
2021Black Widow
80%
2023Blue Beetle
80%
2016Captain America: Civil War
80%
2011Captain America: The First Avenger
80%
2014Captain America: The Winter Soldier
80%
2019Captain Marvel
80%
2003Daredevil
80%
2016Deadpool
80%
2018Deadpool 2
80%
2024Deadpool and Wolverine
80%
2005 | 2015 | 2025Fantastic Four
80%
2007Fantastic Four: Rise of the Silver Surfer
80%
2011Green Lantern
80%
2003Hulk
80%
2008Iron Man
80%
2010Iron Man 2
80%
2013Iron Man 3
80%
2017Logan
80%
2013Man of Steel
80%
2010Red
80%
2013Red 2
80%
2019Shazam!
80%
2002Spider-Man
80%
2004Spider-Man 2
80%
2007Spider-Man 3
80%
2023Spider-Man: Across the Spider-Verse
80%
TBDSpider-Man: Beyond the Spider-Verse
80%
2019Spider-Man: Far From Home
80%
2017Spider-Man: Homecoming
80%
2018Spider-Man: Into the Spider-Verse
80%
2021Spider-Man: No Way Home
80%
1978Superman
80%
1951Superman and the Mole Men
80%
1980Superman II
80%
1983Superman III
80%
1987Superman IV: The Quest For Peace
80%
2006Superman Returns
80%
1990 | 2014Teenage Mutant Ninja Turtles
80%
1993Teenage Mutant Ninja Turtles III: Turtles in Time
80%
1991Teenage Mutant Ninja Turtles II: Secret of the Ooze
80%
2023Teenage Mutant Ninja Turtles: Mutant Mayhem
80%
2016Teenage Mutant Ninja Turtles: Out of the Shadows
80%
2012The Amazing Spider-Man
80%
2014The Amazing Spider-Man 2
80%
2022The Batman
80%
2008The Dark Knight
80%
2012The Dark Knight Rises
80%
2008The Incredible Hulk
80%
2017The Lego Batman Movie
80%
2023The Marvels
80%
2013The Wolverine
80%
2011Thor
80%
2022Thor: Love and Thunder
80%
2017Thor: Ragnarok
80%
2013Thor: The Dark World
80%
2007TMNT
80%
2018Venom
80%
2021Venom: Let There Be Carnage
80%
2024Venom: The Last Dance
80%
2006V For Vendetta
80%
2017Wonder Woman
80%
2020Wonder Woman 1984
80%
2003X-2: X-Men United
80%
2000X-Men
80%
2016X-Men: Apocalypse
80%
2019X-Men: Dark Phoenix
80%
2014X-Men: Days of Future Past
80%
2011X-Men: First Class
80%
2009X-Men Origins: Wolverine
80%
2006X-Men: The Last Stand
80%
2007300
60%
2014300: Rise of An Empire
60%
2015Ant-Man
60%
2018Ant-Man and the Wasp
60%
2023Ant-Man and the Wasp: Quantumania
60%
2015Avengers: Age of Ultron
60%
2019Avengers: Endgame
60%
2018Avengers: Infinity War
60%
2020Birds of Prey
60%
2018Black Panther
60%
2022Black Panther: Wakanda Forever
60%
2004Catwoman
60%
2005Constantine
60%
2016Doctor Strange
60%
2022Doctor Strange in the Multiverse of Madness
60%
2007Ghost Rider
60%
2011Ghost Rider: Spirit of Vengeance
60%
2014Guardians of the Galaxy
60%
2017Guardians of the Galaxy Vol. 2
60%
2023Guardians of the Galaxy Vol. 3
60%
2004 | 2019Hellboy
60%
2008Hellboy II: The Golden Army
60%
2019Joker
60%
2024Joker: Folie à Deux
60%
2017Justice League
60%
2024Madame Web
60%
2021Shang-Chi and the Legend of the Ten Rings
60%
2023Shazam! Fury of the Gods
60%
2005Son of the Mask
60%
1997Spawn
60%
2016Suicide Squad
60%
2012The Avengers
60%
2023The Flash
60%
1994The Mask
60%
2021The Suicide Squad
60%
2009Watchmen
60%
1998Blade
40%
2002Blade II
40%
2004Blade: Trinity
40%
1982 | 2011Conan the Barbarian
40%
1984Conan the Destroyer
40%
1945 | 1990Dick Tracy
40%
1947Dick Tracy Meets Gruesome
40%
1996Dick Tracy V.S. Cueball
40%
2005Elektra
40%
2021Eternals
40%
1986Howard the Duck
40%
2010Jonah Hex
40%
2010Kick-Ass
40%
2013Kick-Ass 2
40%
2017Kingsman: The Golden Circle
40%
2014Kingsman: The Secret Service
40%
2022Morbius
40%
1997Steel
40%
1982Swamp Thing
40%
2011The Adventures of Tintin
40%
2021The King's Man
40%
2020The New Mutants
40%
1996The Phantom
40%
1989The Return of Swamp Thing
40%
1993Addams Family Values
20%
2014Big Hero Six
20%
1995Casper
20%
1947Dick Tracy's Dilemma
20%
2024Garfield
20%
2006Garfield: A Tail of Two Kitties
20%
2004Garfield: The Movie
20%
2024Kraven the Hunter
20%
2010Marmaduke
20%
2021Old
20%
1980Popeye
20%
2008Punisher: War Zone
20%
1985 | 2024Red Sonja
20%
2002Road to Perdition
20%
2017Smurfs: The Lost Village
20%
1984Supergirl
20%
2018Teen Titans GO! To the Movies
20%
1991 | 2019The Addams Family
20%
2021The Addams Family 2
20%
1994 | 2024The Crow
20%
1996The Crow: City of Angels
20%
2000The Crow: Salvation
20%
2005The Crow: Wicked Prayer
20%
2003The League of Extraordinary Gentlemen
20%
2010The Losers
20%
2020The Old Guard
20%
2024The Old Guard 2
20%
2015The Peanuts Movie
20%
2004The Punisher
20%
2011The Smurfs
20%
2013The Smurfs 2
20%
2008Wanted
20%
2005A History of Violence
0%
2019Alita: Battle Angel
0%
1982 | 2014Annie
0%
2024Argylle
0%
2009Astro Boy
0%
1968Barberella
0%
1996Barb Wire
0%
2003Bulletproof Monk
0%
2025Captain America: Brave New World
0%
2022DC League of Super-Pets
0%
2017Death Note
0%
1993Dennis the Menace
0%
2009Dragonball Evolution
0%
1936 | 1980Flash Gordon
0%
2017Ghost in the Shell
0%
2001Josie and the Pussycats
0%
1997Men in Black
0%
2012Men in Black 3
0%
2002Men in Black II
0%
2019Men in Black: International
0%
1999Mystery Men
0%
2013Oldboy
0%
2006Open Season
0%
2008Open Season 2
0%
2010Open Season 3
0%
2015Open Season: Scared Silly
0%
2006Over the Hedge
0%
1994Richie Rich
0%
2013R.I.P.D.
0%
2016Rock Dog
0%
2005Sin City
0%
2014Sin City: A Dame to Kill For
0%
2022Slumberland
0%
2013Snowpiercer
0%
2008Speed Racer
0%
2007Stardust
0%
1995Tank Girl
0%
2016Term Life
0%
1939The Adventures of Jane Arden
0%
2019The Kitchen
0%
1957The Sad Sack
0%
1994Timecop
0%
2017Valerian and the City of A Thousand Planets
0%

Score Distribution

Percentile by Number Answered

Percent of People with Each Score

Your Score History

You have not taken this quiz since the last reset